000 00349 a2200169 4500
001 184018
020 _a978-85-16-06304-7
040 _cMagnum
100 _aRocha, Ruth
240 1 0 _aO amigo do rei
_lpor
245 1 0 _aO amigo do rei
300 _a32
362 0 _a2009
440 1 _aSalamandra
697 _aLITERATURA INFANTO
942 _cBK
999 _c184018
_d184018